Analytical agricultural chemistry / (Record no. 3205)
[ view plain ]
| 000 -LEADER | |
|---|---|
| fixed length control field | 00471cam a2200193ua 4500 |
| 041 ## - LANGUAGE CODE | |
| Language code of text/sound track or separate title | eng |
| 082 ## - DEWEY DECIMAL CLASSIFICATION NUMBER | |
| Classification number | 547 |
| Item number | CHO/AN |
| 100 ## - MAIN ENTRY--AUTHOR NAME | |
| Personal name | Chopra, S L . |
| 245 ## - TITLE STATEMENT | |
| Title | Analytical agricultural chemistry / |
| 250 ## - EDITION STATEMENT | |
| Edition statement | 1 / |
| 260 ## - PUBLICATION, DISTRIBUTION, ETC. (IMPRINT) | |
| Place of publication | New Delhi : |
| Name of publisher | Kalyani Publishers , |
| Year of publication | 1982. |
| 300 ## - PHYSICAL DESCRIPTION | |
| Number of Pages | 518 ; . |
| 700 1# - ADDED ENTRY--PERSONAL NAME | |
| Personal name | Kanwar, J S . |
| 942 ## - ADDED ENTRY ELEMENTS (KOHA) | |
| Koha item type | Books |
| Withdrawn status | Lost status | Damaged status | Home library | Current library | Date acquired | Full call number | Accession Number | Koha item type |
|---|---|---|---|---|---|---|---|---|
| KAUAET | KAUAET | 07/04/2012 | 547 CHO/AN | 14613 | Books |
